000 00769nam a2200205 a 4500
003 0
005 20250516094818.0
008 030519s19uu xx 00 eng d
050 _aPHS RM 666.H33
_b.D45 2003
100 _aDel Mundo, Alexander Jose L.
245 _aThe Factors that affect the choice between herbal medicine and pharmaceutical medicine /
_cAlexander Jose L. Del Mundo.
260 _aLas PiƱas City, Philippines :
_bSouthville International School and Colleges,
_c2003.
300 _a48 pages :
_bcolor illustrations ;
_c28 cm.
504 _aIncludes bibliographical references.
650 _aHerbal medicine.
650 _aPharmaceuticals.
650 _aConsumer behavior
_xHealth aspects.
650 _aDecision making
_xHealth.
942 _2lcc
_cPASS
999 _c96781
_d96781